Statistics for Africa's Countries and Capitals

Click here to take the quiz!

General Stats

  • This quiz has been taken 63 times
    (55 since last reset)
  • The average score is 32 of 54

Answer Stats

Country of AfricaCapital(s)% Correct
EthiopiaAddis Ababa
82%
AlgeriaAlgiers
82%
EgyptCairo
82%
DjiboutiDjibouti
79%
South AfricaPretoria | Bloemfontein |
Capetown
79%
TunisiaTunis
79%
KenyaNairobi
75%
RwandaKigali
71%
MoroccoRabat
71%
UgandaKampala
68%
SudanKhartoum
68%
Democratic Republic
of the Congo
Kinshasa
68%
AngolaLuanda
68%
SomaliaMogadishu
68%
LibyaTripoli
68%
SenegalDakar
64%
Sierra LeoneFreetown
64%
Sao Tome and PrincipeSao Tome
64%
GhanaAccra
61%
Republic of the CongoBrazzaville
61%
ZimbabweHarare
61%
GabonLibreville
61%
Equatorial GuineaMalabo
61%
MauritiusPort-Louis
61%
SeychellesVictoria
61%
NamibiaWindhoek
61%
MadagascarAntananarivo
57%
EritreaAsmara
57%
Central African RepublicBangui
57%
GambiaBanjul
57%
TanzaniaDodoma
57%
ZambiaLusaka
57%
MozambiqueMaputo
57%
EswatiniMbabane
57%
ComorosMoroni
57%
BeninPorto-Novo
57%
CameroonYaounde
57%
GuineaConakry
54%
South SudanJuba
54%
MalawiLilongwe
54%
TogoLome
54%
LiberiaMonrovia
54%
ChadN'Djamena
54%
Cape VerdePraia
54%
MaliBamako
50%
BotswanaGaborone
50%
LesothoMaseru
50%
Burkina FasoOuagadougou
50%
MauritaniaNouakchott
46%
Ivory Coast
(Côte D'Ivoire)
Yamoussoukro
46%
Guinea-BissauBissua
25%
BurundiBujumbura
25%
NigerNaimey
21%
NigeriaAbuji
18%

Score Distribution

Percentile by Number Answered

Percent of People with Each Score

Your Score History

You have not taken this quiz since the last reset